| 000 | 00519nam a2200193Ii 4500 | ||
|---|---|---|---|
| 003 | JO-AjNU | ||
| 008 | 230606s9999||||xx |||||||||||||| ||und|| | ||
| 020 | _a978-1-4058-5878-6 | ||
| 040 |
_aJO-AjNU _beng _erda _cJO-AjNU |
||
| 041 | _aeng | ||
| 050 | 1 | 4 | _aKD1554.E97.2013 |
| 100 | 3 |
_aHalson ، ROGER, _eauthor _92790 |
|
| 245 | 0 | 0 | _aContract Low |
| 264 | 3 | 1 | _aLondon : Pearson ، 2013 |
| 300 | _a537p | ||
| 336 |
_atext _btxt _2rdacontent |
||
| 337 |
_aunmediated _bn _2rdamedia |
||
| 338 |
_avolume _bnc _2rdacarrier |
||
| 999 |
_aE1462 _c1462 _d1462 |
||